| 000 | 00385nam a22001577a 4500 | ||
|---|---|---|---|
| 999 |
_c4737 _d4737 |
||
| 008 | 200824b ||||| |||| 00| 0 eng d | ||
| 082 | 0 | 0 |
_a623.863 _bK321 |
| 100 |
_91932 _aKemp |
||
| 245 | 1 | 0 |
_aCompass work (notes for the M.O.T. examinations) _cby Kemp |
| 260 |
_aKent _bKandy _c1960 |
||
| 300 | _a50 p. | ||
| 365 | _d5.20 | ||
| 650 | 0 | _aCompass | |
| 700 |
_91933 _aYoung |
||
| 942 | _cBK | ||